00306pab a2200121 454500008004000000100001800040245005800058260000900116300001300125362000800138650002200146773001600168180718b2014 xxu||||| |||| 00| 0 eng d aSingh, Ranbir aSaansad Adarsh Gram Yojana, can it be a game changer? c2014 ap.44-45. aNov aRural development aKurukshetra